| 000 | 01589cam a2200229 4500 | ||
|---|---|---|---|
| 001 | ABS66325 | ||
| 008 | 030117n2002 000 0 eng u | ||
| 035 | _a(Sirsi) u121054 | ||
| 100 | _aBurd, A. | ||
| 245 | _aCompartmentation in shops | ||
| 260 | _c2002 | ||
| 490 |
_aBuilding Control _v(135) November 2002, 10-12(3) |
||
| 520 | _aIntends to offer government opinions on Requirement B3: "Internal fire spread (structure)" of the Building Regulations 2000 Approved Document B (2002 Edition) and the provision of compartmentation in single-storey shops, which came into force 1 July 2002. The main issue is that this guidance recommends limiting the compartment size ofsingle-storey shops to 2 000sq m, where previously there was no limit. It does however recommend that where sprinklers are provided there is still no limit to the floor area of compartments. Expands on the intentions of the Approved Document, including the issue of extensions, life safety systems and consultation with fire authorities. Suggests that building control bodies will need to consider each case on its own merits, as compliance with the functional requirements of the Building Regulations is always a matter of professional judgement. Case studies and ecommendations are available at www.planning.odpm.gov.uk. | ||
| 590 | _aABS | ||
| 650 | _aSHOPS | ||
| 650 |
_aBUILDING REGULATIONS _96224 |
||
| 650 | _aBUILDING REGULATIONS 2000 APPROVED DOCUMENT B (2002 EDITION) | ||
| 650 | _aFIRE SPREAD | ||
| 650 |
_aBUILDING CONTROL _96222 |
||
| 690 | _aBUILT ENVIRONMENT-BUILDING STANDARDS | ||
| 942 | _n0 | ||
| 999 |
_c71936 _d71936 |
||